| 000 | 00513nam a22001817a 4500 | ||
|---|---|---|---|
| 003 | NUST | ||
| 005 | 20250224113952.0 | ||
| 008 | 171004b xxu||||| |||| 00| 0 eng d | ||
| 040 | _cNUST | ||
| 082 | _a200 | ||
| 100 |
_aHassan,Abual _95261 |
||
| 245 |
_aImpact of exchange rate volatility on Pakistan's trade / _cAbual Hassan, |
||
| 260 |
_aIslamabad _c2015 _bS3H-NUST |
||
| 300 | _a33p | ||
| 600 |
_xMS- Economics _9127866 |
||
| 856 | _uhttp://10.250.8.41:8080/xmlui/handle/123456789/3400 | ||
| 942 |
_2ddc _cSC |
||
| 999 |
_c331590 _d331590 |
||